[Event "Gruppe A"]
[Round "2.6"]
[White "Hart,Martin"]
[WhiteElo "2047"]
[WhiteNwz "2027"]
[Black "Weitekamp,Ole"]
[BlackElo "1930"]
[BlackNwz "1892"]
[Result "1-0"]
[PlyCount "51"]

1. e4 c5 2. Nc3 e6 3. g3 d5 4. exd5 exd5 5. d3 Nf6 6. Bg2 d4 7. Ne4 N8d7 8. Ne2 Nxe4 9. dxe4 Nf6 10. c3 Qb6 11. O-O Bg4 12. cxd4 cxd4 13. Qa4+ Bd7 14. Qxd4 Bc5 15. Qe5+ Kf8 16. b4 Qxb4 17. Bd2 Qb6 18. Rab1 Bxf2+ 19. Kh1 Ng4 20. Qf4 Qg6 21. Rxf2 Qh5 22. h4 Nxf2+ 23. Qxf2 Qg4 24. Rxb7 Rd8 25. Qc5+ Kg8 26. Qe7 1-0

[Event "Gruppe A"]
[Round "2.7"]
[White "Amini,Yusuf"]
[WhiteElo "2021"]
[WhiteNwz "2022"]
[Black "Shynkar,Daria"]
[BlackElo "1904"]
[BlackNwz "1785"]
[Result "1-0"]
[PlyCount "125"]

1. d4 Nf6 2. c4 e6 3. Nf3 Bb4+ 4. N1d2 O-O 5. g3 d5 6. Bg2 dxc4 7. O-O b5 8. a3 Be7 9. a4 c6 10. Qc2 Bb7 11. b3 cxb3 12. Nxb3 N8d7 13. Rd1 Rc8 14. Nc5 Bxc5 15. dxc5 Qe7 16. Nd4 b4 17. Nb3 Rfd8 18. Bd2 Ba6 19. Bxb4 Nd5 20. Ba5 Re8 21. Rac1 Ne5 22. e4 Nf6 23. Bc3 Ng6 24. Ba5 e5 25. Rd6 Qb7 26. Nd2 Nf8 27. Rb1 Qe7 28. Bh3 Ne6 29. Bxe6 fxe6 30. Nf3 Ng4 31. h3 Rf8 32. Rb3 Nf6 33. Nxe5 Qe8 34. h4 h6 35. Re3 Qh5 36. Rxe6 Rce8 37. Rxe8 Qxe8 38. Bc7 Qc8 39. Bd6 Re8 40. Qb3+ Kh7 41. Kg2 Rxe5 42. Bxe5 Ng4 43. Bb2 Nxe3+ 44. Qxe3 Qe6 45. Qd4 Qf7 46. Qd6 Qc4 47. Qd4 Qf7 48. Qe5 Bc8 49. f3 Qd7 50. Bd4 Qf7 51. g4 Qa2+ 52. Kg3 Qf7 53. a5 a6 54. f4 Qd7 55. f5 Kg8 56. g5 h5 57. Qd6 Qe8 58. Kf4 Bd7 59. Be5 Bc8 60. Bd4 Bd7 61. e5 Bc8 62. e6 Bb7 63. Qd7 1-0

[Event "Gruppe A"]
[Round "2.8"]
[White "Grochtmann,Stephan"]
[WhiteElo "1939"]
[WhiteNwz "1967"]
[Black "Bundan,Edward"]
[BlackElo "2020"]
[BlackNwz "2024"]
[Result "0-1"]
[PlyCount "32"]

1. Nf3 d5 2. e3 Nf6 3. c4 c6 4. b3 Bf5 5. d4 e6 6. Be2 Bd6 7. c5 Bc7 8. Bb2 a5 9. N1d2 N8d7 10. Nh4 Bg6 11. Nxg6 hxg6 12. f4 g5 13. g3 gxf4 14. exf4 g5 15. Qc2 gxf4 16. g4 Nxg4 0-1

[Event "Gruppe A"]
[Round "2.9"]
[White "Tietje,Daniel"]
[WhiteElo "2005"]
[WhiteNwz "1961"]
[Black "Bartsch,Jan"]
[BlackElo "1877"]
[BlackNwz "1858"]
[Result "1/2-1/2"]
[PlyCount "58"]

1. Nf3 d5 2. e3 Nf6 3. c4 e6 4. Nc3 Be7 5. b3 O-O 6. Bb2 b6 7. cxd5 exd5 8. Rc1 Bb7 9. d4 c5 10. Bd3 N8d7 11. O-O Rc8 12. Bf5 g6 13. Bh3 Ne4 14. dxc5 Nxc3 15. Bxc3 Rxc5 16. Qd3 Bf6 17. Bxf6 Nxf6 18. Qd4 Qe7 19. Rfd1 Bc8 20. Bxc8 R5xc8 21. Rxc8 Rxc8 22. Qb2 h5 23. b4 Rc4 24. a3 Qe6 25. Nd4 Qc8 26. b5 Ne4 27. Nc6 Kh7 28. f3 Nc3 29. Rd4 Rc5 1/2-1/2

[Event "Gruppe A"]
[Round "2.10"]
[White "Geertsma,Hendrik"]
[WhiteElo "1887"]
[WhiteNwz "1813"]
[Black "Holtwessels,Jan"]
[BlackElo "2000"]
[BlackNwz "2055"]
[Result "0-1"]
[PlyCount "32"]

1. d4 Nf6 2. Nf3 d5 3. e3 c5 4. dxc5 e6 5. Bd3 Bxc5 6. b3 Nc6 7. Bb2 Qe7 8. N1d2 e5 9. Bb5 Bd6 10. O-O a6 11. Be2 e4 12. Nd4 h5 13. Nxc6 bxc6 14. c4 Bxh2+ 15. Kh1 Bc7 16. f4 Ng4 0-1

[Event "Gruppe A"]
[Round "2.11"]
[White "Rosin,Michael"]
[WhiteElo "1999"]
[WhiteNwz "1920"]
[Black "Subenko,Alexander"]
[BlackElo "1631"]
[BlackNwz "1611"]
[Result "1-0"]
[PlyCount "75"]

1. e4 c5 2. c3 Nf6 3. e5 Nd5 4. Nf3 e6 5. d4 cxd4 6. cxd4 Be7 7. Nc3 Nxc3 8. bxc3 O-O 9. Bd3 d6 10. Qc2 h6 11. O-O Bd7 12. Bf4 Bc6 13. Qe2 Qd7 14. Rfe1 Qc7 15. exd6 Bxd6 16. Ne5 Bxe5 17. Bxe5 Qe7 18. Qg4 f6 19. Bf4 Bd7 20. Qg6 f5 21. Bxf5 Qf6 22. Be5 Qxg6 23. Bxg6 Nc6 24. Bd6 Rf6 25. Be4 Rc8 26. Rab1 b6 27. c4 Na5 28. c5 b5 29. d5 exd5 30. Bxd5+ Kh7 31. Re7 Bf5 32. Rxb5 Rxd6 33. Re5 Be6 34. Be4+ g6 35. h3 Ra6 36. c6 Nxc6 37. Rxe6 Nb4 38. Re7+ 1-0

[Event "Gruppe A"]
[Round "2.12"]
[White "Kewe,Stefan"]
[WhiteElo "1807"]
[WhiteNwz "1720"]
[Black "Reckzügel,Philipp"]
[BlackElo "1989"]
[BlackNwz "2032"]
[Result "1/2-1/2"]
[PlyCount "101"]

1. d4 d5 2. Nf3 e6 3. c4 Nf6 4. g3 c6 5. Bg2 N8d7 6. Qc2 Bd6 7. O-O O-O 8. N1d2 Re8 9. e4 dxe4 10. Nxe4 Nxe4 11. Qxe4 e5 12. Re1 Nf6 13. Qh4 exd4 14. Bg5 Be7 15. Nxd4 h6 16. Bxf6 Bxf6 17. Rxe8+ Qxe8 18. Qf4 Qe5 19. Qxe5 Bxe5 20. Rd1 Bg4 21. f3 Bh5 22. Nf5 Bxb2 23. Rb1 Ba3 24. Rxb7 Bc5+ 25. Kf1 Rd8 26. Ne7+ Kh7 27. g4 Rd2 28. gxh5 Rf2+ 29. Ke1 Rxg2 30. Nxc6 Rxh2 31. a4 Rxh5 32. Rxf7 Rh4 33. f4 Kg8 34. Ne5 Bd4 35. Rf8+ Kxf8 36. Ng6+ Kf7 37. Nxh4 Ke6 38. Kd2 Bf2 39. Ng2 Kf5 40. Ke2 Bc5 41. Kf3 g5 42. fxg5 hxg5 43. Ne1 g4+ 44. Kg2 Ke4 45. Kg3 Kd4 46. Kxg4 Kxc4 47. Kf5 Bf2 48. Nf3 Kb4 49. Ke4 Kxa4 50. Kd3 Kb3 51. Nd2+ 1/2-1/2

[Event "Gruppe A"]
[Round "2.13"]
[White "Lüders Vega,Iago Ernst"]
[WhiteElo "1675"]
[WhiteNwz "1500"]
[Black "Direk,Oguzhan"]
[BlackElo "2052"]
[BlackNwz "1999"]
[Result "0-1"]
[PlyCount "90"]

1. e4 c5 2. c3 d5 3. exd5 Qxd5 4. d4 e6 5. Nf3 Nf6 6. Be2 Be7 7. O-O O-O 8. Be3 Rd8 9. Qc2 Nc6 10. dxc5 Ng4 11. Rd1 Nxe3 12. fxe3 Qxc5 13. Rxd8+ Bxd8 14. Qd3 Bb6 15. Kf2 e5 16. N1d2 Ne7 17. Nb3 Qc7 18. Qb5 Nc6 19. a4 a6 20. Qd3 h6 21. Nbd2 Be6 22. Nc4 Rd8 23. Qc2 Ba7 24. Rd1 Rxd1 25. Qxd1 e4 26. N3d2 Qxh2 27. Qg1 Qxg1+ 28. Kxg1 b5 29. axb5 axb5 30. Nd6 Bxe3+ 31. Kf1 Bxd2 32. Nxe4 Bc1 33. Bxb5 Na7 34. Ba6 Bxb2 35. c4 Kf8 36. c5 Bd7 37. Nd2 Bb5+ 38. Bxb5 Nxb5 39. Nc4 Bd4 40. c6 Ke8 41. Ke2 Kd8 42. Kd3 Kc7 43. Na5 Bb6 44. Nc4 Nd6 45. Ne5 f6 0-1

[Event "Gruppe A"]
[Round "2.14"]
[White "Meiwes,Thore"]
[WhiteElo "2148"]
[WhiteNwz "2173"]
[Black "Klages,Jonas"]
[BlackElo "1732"]
[BlackNwz "1713"]
[Result "1-0"]
[PlyCount "71"]

1. d4 Nf6 2. Nf3 g6 3. c4 Bg7 4. Nc3 d6 5. e4 O-O 6. Be2 e5 7. O-O Nc6 8. d5 Ne7 9. Ne1 Nd7 10. f3 a5 11. Be3 f5 12. g4 f4 13. Bf2 g5 14. a3 Ng6 15. b4 b6 16. Na4 c5 17. dxc6 Nf6 18. Nxb6 Rb8 19. Nxc8 Rxc8 20. b5 Ne7 21. Nd3 h5 22. h3 hxg4 23. fxg4 Kh7 24. Kg2 Rb8 25. Rh1 Kg6 26. c5 Ne8 27. h4 gxh4 28. Rxh4 Rh8 29. Rxh8 Bxh8 30. Qh1 Bf6 31. Qh5+ Kg7 32. Rh1 d5 33. Qh8+ Kf7 34. Qh7+ Ng7 35. exd5 Nxd5 36. Qe4 1-0

[Event "Gruppe A"]
[Round "2.15"]
[White "Schrader,Hans-Joachim"]
[WhiteElo "1951"]
[WhiteNwz "1865"]
[Black "Baumann,Simon"]
[BlackElo "1837"]
[BlackNwz "1792"]
[Result "1/2-1/2"]
[PlyCount "52"]

1. e4 e6 2. d4 d5 3. Nc3 dxe4 4. Nxe4 Nd7 5. Nf3 N8f6 6. Nxf6+ Nxf6 7. Bd3 c5 8. c3 Bd6 9. O-O O-O 10. Bg5 b6 11. Be4 Rb8 12. Qe2 Bb7 13. dxc5 Bxc5 14. Rad1 Qe7 15. Nd2 h6 16. Bh4 g5 17. Bg3 Nxe4 18. Nxe4 Rbd8 19. Nxc5 Qxc5 20. h4 Kg7 21. Rfe1 Qf5 22. f3 Kh7 23. hxg5 hxg5 24. Be5 f6 25. Bd6 Rfe8 26. Qf2 e5 1/2-1/2

[Event "Gruppe A"]
[Round "2.17"]
[White "Warns,Harald"]
[WhiteElo "1718"]
[WhiteNwz "1663"]
[Black "Höllman,Ludger"]
[BlackElo "2040"]
[BlackNwz "2081"]
[Result "1/2-1/2"]
[PlyCount "129"]

1. d4 Nf6 2. Nf3 d5 3. e3 e6 4. Be2 N8d7 5. O-O a6 6. b3 b6 7. c4 Bb7 8. Nc3 Bb4 9. Bb2 O-O 10. Qc2 Qe7 11. Rfd1 Rac8 12. Ne5 Rfd8 13. a3 Bxc3 14. Nxd7 Bxb2 15. Nxf6+ Qxf6 16. Qxb2 c5 17. Bf3 Bc6 18. cxd5 Bxd5 19. Bxd5 Rxd5 20. Rac1 R8d8 21. Qe2 cxd4 22. exd4 a5 23. Qg4 g6 24. g3 Kg7 25. Rc6 b5 26. Rc5 Rxc5 27. dxc5 Qf5 28. Qe2 Rxd1+ 29. Qxd1 Qxc5 30. a4 b4 31. h4 Qd5 32. Qc2 e5 33. Qe2 f6 34. Qc2 e4 35. Qc7+ Qf7 36. Qc2 f5 37. Kf1 Qe7 38. Qc4 Kh6 39. Qc1+ Kg7 40. Qc4 Qd6 41. Qc2 Kf6 42. Ke1 h6 43. Qc8 h5 44. Qh8+ Ke6 45. Qg8+ Ke5 46. Qg7+ Kd5 47. Qf7+ Qe6 48. Qc7 Qd6 49. Qxa5+ Kd4 50. Qa7+ Kc3 51. Qe3+ Kc2 52. Qe2+ Kxb3 53. a5 Qc5 54. a6 Qc3+ 55. Qd2 Qc5 56. Qe3+ Qc3+ 57. Kd1 Kb2 58. Qd2+ Kb1 59. a7 Qb3+ 60. Ke1 Qa3 61. Qd1+ Kb2 62. Qd4+ Kb1 63. Qd1+ Kb2 64. Qe2+ Kb1 65. Qd1+ 1/2-1/2

[Event "Gruppe A"]
[Round "2.18"]
[White "Oelschläger,Malo"]
[WhiteElo "1775"]
[WhiteNwz "1700"]
[Black "Schnier,Steffen"]
[BlackElo "1940"]
[BlackNwz "1911"]
[Result "0-1"]
[PlyCount "36"]

1. d4 Nf6 2. Nf3 c5 3. d5 b5 4. e4 Qa5+ 5. Bd2 b4 6. Bd3 g6 7. d6 exd6 8. e5 dxe5 9. Nxe5 Be7 10. Qf3 Qc7 11. Qxa8 Qxe5+ 12. Kf1 O-O 13. c3 Nc6 14. Bb5 Qc7 15. Bxc6 dxc6 16. Kg1 Ba6 17. Bf4 Qxf4 18. Qe8 Qc1# 0-1

[Event "Gruppe A"]
[Round "2.19"]
[White "Krüger,Moritz"]
[WhiteElo "1909"]
[WhiteNwz "1818"]
[Black "Körber,Uwe"]
[BlackElo "1775"]
[BlackNwz "1664"]
[Result "1-0"]
[PlyCount "79"]

1. d4 d5 2. Nf3 Bf5 3. g3 Nf6 4. Bg2 c6 5. O-O N8d7 6. c4 dxc4 7. Na3 Nb6 8. Ne5 e6 9. N3xc4 Nxc4 10. Nxc4 Be7 11. Qb3 Qc8 12. Na5 Be4 13. Qxb7 Qxb7 14. Nxb7 Bxg2 15. Kxg2 Rb8 16. Na5 Rc8 17. a3 c5 18. dxc5 Rxc5 19. b4 Rc2 20. Be3 Bd8 21. Nb3 Bb6 22. Bxb6 axb6 23. Rfc1 Rxc1 24. Rxc1 Kd7 25. Nd4 Ra8 26. Nb5 Ne8 27. e4 e5 28. Kf3 Ra4 29. Ke3 Ra8 30. f4 f6 31. f5 Ra4 32. Rc3 Ra8 33. h4 Ra4 34. h5 h6 35. Kd2 Ra8 36. Kc2 Rc8 37. Rxc8 Kxc8 38. Kb3 Kb7 39. Kc4 Kc6 40. a4 1-0

[Event "Gruppe A"]
[Round "2.20"]
[White "Schöne,Finn"]
[WhiteElo "1868"]
[WhiteNwz "1902"]
[Black "Stein,Daniel"]
[BlackElo "1772"]
[BlackNwz "1640"]
[Result "1-0"]
[PlyCount "122"]

1. d4 e6 2. Nc3 Nf6 3. Bf4 d5 4. e3 Be7 5. Nf3 O-O 6. Bd3 a6 7. O-O N8d7 8. Qe2 c5 9. dxc5 Nxc5 10. Rad1 Nxd3 11. Rxd3 b5 12. a3 Bb7 13. e4 Qe8 14. exd5 Nxd5 15. Be5 Nxc3 16. Bxc3 Bd5 17. Nd2 f6 18. Qg4 g6 19. Re1 Qf7 20. Qg3 Rac8 21. Ne4 Rfd8 22. Ba5 Rd7 23. Nc3 Bc6 24. Rxd7 Bxd7 25. Qd3 Qe8 26. Qd4 Kg7 27. Rd1 Bc6 28. Qb6 Ra8 29. Ne2 Qc8 30. Rd3 Rb8 31. Qe3 Qg8 32. Nd4 Bd5 33. Rd1 Kh8 34. Ne2 Bd8 35. Bb4 Bb6 36. Qf4 Kg7 37. Be7 Bd8 38. Qxf6+ Kh6 39. Qg5+ Kg7 40. Qe5+ Kf7 41. Qxb8 Bxe7 42. Qf4+ Kg7 43. Nc3 Ba8 44. Rd7 Qf7 45. Qe5+ Kg8 46. Qc7 Kf8 47. Ne2 Bd5 48. Nf4 Qf6 49. Nxd5 exd5 50. g3 Qe6 51. Rxe7 Qxe7 52. Qxe7+ Kxe7 53. Kf1 Kd6 54. Ke2 a5 55. Kd3 Ke5 56. f4+ Kf5 57. h3 h5 58. Kc3 h4 59. g4+ Ke6 60. Kd4 Kd6 61. b3 b4 1-0

[Event "Gruppe A"]
[Round "2.21"]
[White "Popkiewicz,Adam"]
[WhiteElo "1766"]
[WhiteNwz "1737"]
[Black "Wernke-Schmiesing,Sebastian"]
[BlackElo "1851"]
[BlackNwz "1762"]
[Result "1-0"]
[PlyCount "87"]

1. d4 d5 2. c4 c6 3. Nf3 Nf6 4. Nc3 e6 5. e3 Bd6 6. Bd3 O-O 7. O-O N8d7 8. e4 dxe4 9. Nxe4 Nxe4 10. Bxe4 Nf6 11. Bc2 h6 12. Re1 c5 13. b3 cxd4 14. Nxd4 Bb4 15. Bd2 Bxd2 16. Qxd2 Qb6 17. Rad1 Bd7 18. Qf4 Rad8 19. Nf3 Qa5 20. a4 Bc6 21. Nd4 Rc8 22. Nxc6 Rxc6 23. Qd4 Rc5 24. f4 Re8 25. Re5 Rxe5 26. fxe5 Nh7 27. Qd7 Qc5+ 28. Kh1 Qe7 29. Be4 b6 30. Bc6 Qxd7 31. Rxd7 Rc8 32. Bb5 a5 33. Rb7 Rc5 34. Rxb6 Rxe5 35. Rb8+ Nf8 36. h3 g5 37. Rc8 Re3 38. c5 Rc3 39. c6 Kg7 40. Bc4 Ng6 41. c7 Ne7 42. Re8 Nf5 43. c8Q Ng3+ 44. Kh2 1-0

[Event "Gruppe A"]
[Round "2.22"]
[White "Hüls,Arne"]
[WhiteElo "1846"]
[WhiteNwz "1791"]
[Black "Wilmink,Luca"]
[BlackElo "1764"]
[BlackNwz "1774"]
[Result "1-0"]
[PlyCount "49"]

1. d4 Nf6 2. Nc3 d5 3. Bf4 c5 4. e3 cxd4 5. exd4 a6 6. Nf3 Nc6 7. Ne5 e6 8. Nxc6 bxc6 9. Na4 Bd7 10. c3 Qc8 11. Nb6 Qb7 12. Nxa8 Qxa8 13. Bd3 c5 14. O-O h6 15. Qe2 Rg8 16. dxc5 Bxc5 17. Bxa6 g5 18. Be5 Ne4 19. Bb5 Qb7 20. a4 Ke7 21. Bd4 Bd6 22. Bxd7 Qxd7 23. c4 e5 24. cxd5 Qf5 25. Rfe1 1-0

[Event "Gruppe A"]
[Round "2.23"]
[White "Schütt,Norbert,Dr."]
[WhiteElo "1836"]
[WhiteNwz "1739"]
[Black "Schulz,Markus"]
[BlackElo "1689"]
[BlackNwz "1681"]
[Result "1-0"]
[PlyCount "73"]

1. d4 Nf6 2. Bf4 d5 3. e3 e6 4. Nf3 Be7 5. Bd3 O-O 6. N1d2 b6 7. Ne5 Bb7 8. Qf3 N8d7 9. h4 c5 10. c3 h5 11. Qg3 Ne4 12. Nxe4 dxe4 13. Be2 Nxe5 14. dxc5 g6 15. Bh6 Kh7 16. Bxf8 Bxf8 17. Qf4 Kg8 18. Rd1 Qc7 19. O-O Bg7 20. Qg5 Kh7 21. Bb5 a6 22. Rd7 Qxc5 23. Qxe5 Bxe5 24. Rxf7+ Kg8 25. Rxb7 axb5 26. Rxb6 Kf7 27. Rxb5 Rxa2 28. Rxc5 Bf6 29. Rc7+ Ke8 30. Rf7 Bxh4 31. Rd1 Ra5 32. g3 Be7 33. Rd7 Bf6 34. Rh7 Ra8 35. c4 Rc8 36. b3 Rd8 37. Rdf7 1-0

[Event "Gruppe A"]
[Round "2.24"]
[White "Klausmeier,Achim"]
[WhiteElo "1744"]
[WhiteNwz "1686"]
[Black "Fize,Aleksandrs"]
[BlackElo "1832"]
[BlackNwz "1710"]
[Result "1-0"]
[PlyCount "89"]

1. e4 c5 2. f4 e6 3. d3 d5 4. Be2 Nc6 5. c3 Nf6 6. e5 Nd7 7. Nf3 a6 8. a4 b6 9. O-O Be7 10. Be3 Bb7 11. Na3 O-O 12. Qe1 d4 13. cxd4 cxd4 14. Bd2 Nc5 15. Nc2 Rc8 16. Nb4 Nb3 17. Nxc6 Rxc6 18. Rb1 Rc2 19. Bd1 Nxd2 20. Nxd2 Qd5 21. Bf3 Qd7 22. Bd1 Qc6 23. Bf3 Qc7 24. Bxb7 Qxb7 25. Qe4 Qd7 26. Nc4 Rb8 27. Rfc1 Qxa4 28. Nd6 g6 29. g4 Rd8 30. f5 Bxd6 31. exd6 Rxd6 32. Qa8+ Kg7 33. f6+ Kxf6 34. Qh8+ Ke7 35. Rf1 Qe8 36. Qf6+ Kd7 37. Qg7 Kc8 38. Rxf7 Rd7 39. R1f1 Rxf7 40. Rxf7 Rc1+ 41. Kf2 Rc2+ 42. Kg3 Rg2+ 43. Kxg2 Qc6+ 44. Rf3 Qc2+ 45. Kg3 1-0

[Event "Gruppe A"]
[Round "2.25"]
[White "Middelberg,Simon"]
[WhiteElo "1639"]
[WhiteNwz "1581"]
[Black "Elbert,Andre"]
[BlackElo "1814"]
[BlackNwz "1732"]
[Result "1/2-1/2"]
[PlyCount "73"]

1. e4 e5 2. Nc3 Nf6 3. f4 d5 4. fxe5 Nxe4 5. Nf3 Be7 6. d3 Nxc3 7. bxc3 Nc6 8. d4 O-O 9. Bd3 f6 10. O-O fxe5 11. Nxe5 Rxf1+ 12. Qxf1 Nxe5 13. dxe5 Bc5+ 14. Kh1 Be6 15. Bf4 Qd7 16. Qe2 Bg4 17. Qd2 Rf8 18. Bg3 c6 19. h3 Be6 20. Qe2 b5 21. a4 a6 22. axb5 axb5 23. Rd1 Qf7 24. Ra1 Qd7 25. Rd1 Qe7 26. Qh5 g6 27. Bxg6 hxg6 28. Qxg6+ Kh8 29. Qh6+ Qh7 30. Qxe6 Qxc2 31. Qh6+ Kg8 32. Rc1 Qd3 33. Qg5+ Kh8 34. Qh6+ Kg8 35. Qg5+ Kh7 36. Qh5+ Kg7 37. Qg5+ 1/2-1/2

[Event "Gruppe A"]
[Round "2.26"]
[White "Weßels,Keke"]
[WhiteElo "1534"]
[WhiteNwz "1491"]
[Black "Dettmer,Niels"]
[BlackElo "1787"]
[BlackNwz "1732"]
[Result "0-1"]
[PlyCount "62"]

1. d4 Nf6 2. Nc3 d5 3. Bf4 a6 4. e3 g6 5. Nf3 Bg7 6. Be2 O-O 7. h3 Ne4 8. O-O Re8 9. Ne5 Nd7 10. Nxd7 Qxd7 11. Bf3 e6 12. Re1 b6 13. Qd2 Bb7 14. Rad1 f5 15. Ne2 Nd6 16. Nc1 Nf7 17. Nd3 Rac8 18. c4 c6 19. b3 Qd8 20. Nb2 b5 21. Rc1 dxc4 22. bxc4 e5 23. Bh2 exd4 24. exd4 Rxe1+ 25. Rxe1 Qxd4 26. Re2 Ne5 27. Qxd4 Nxf3+ 28. gxf3 Bxd4 29. cxb5 cxb5 30. Kg2 Rc3 31. Rd2 Bxf3+ 0-1

[Event "Gruppe A"]
[Round "2.27"]
[White "Rabiya,Karim"]
[WhiteElo "1787"]
[WhiteNwz "1770"]
[Black "Salim,Florian"]
[BlackElo "1648"]
[BlackNwz "1807"]
[Result "1-0"]
[PlyCount "101"]

1. e4 c5 2. Nf3 Nc6 3. Bb5 g6 4. Bxc6 bxc6 5. O-O Bg7 6. e5 d5 7. exd6 exd6 8. Re1+ Ne7 9. d3 O-O 10. Nc3 Rb8 11. a4 a5 12. Ne4 Nd5 13. c3 Ba6 14. Qc2 Re8 15. Bg5 f6 16. Bh4 c4 17. d4 Rb7 18. Bg3 Bf8 19. Re2 f5 20. Bh4 Be7 21. N4g5 Nf4 22. R1e1 Nxe2+ 23. Qxe2 Bxg5 24. Qxe8+ Qxe8 25. Rxe8+ Kf7 26. Ra8 Bxh4 27. Rxa6 Rxb2 28. g3 Bf6 29. Rxc6 Ra2 30. Rxc4 d5 31. Rc5 Rxa4 32. Rxd5 Rc4 33. Ne5+ Bxe5 34. dxe5 Rxc3 35. Rxa5 g5 36. Ra6 Rc1+ 37. Kg2 Re1 38. Rf6+ Kg7 39. Rxf5 Kg6 40. Rf6+ Kg7 41. f4 gxf4 42. gxf4 Re2+ 43. Kg3 h6 44. h4 Re1 45. Kg4 Rh1 46. f5 Re1 47. Rg6+ Kh7 48. e6 Re5 49. Kf4 Re1 50. h5 Re2 51. Rg3 1-0

[Event "Gruppe A"]
[Round "3.1"]
[White "Vöge,Tobias"]
[WhiteElo "2256"]
[WhiteNwz "2249"]
[Black "Amini,Yusuf"]
[BlackElo "2021"]
[BlackNwz "2022"]
[Result "1-0"]
[PlyCount "89"]

1. c4 e6 2. Nf3 d5 3. cxd5 exd5 4. g3 Nf6 5. Bg2 Be7 6. O-O O-O 7. b3 c6 8. d3 h6 9. Bb2 Bf5 10. Na3 a5 11. Nc2 N8d7 12. Rb1 Re8 13. a3 Bd6 14. b4 axb4 15. axb4 Ne5 16. Nxe5 Bxe5 17. Bxe5 Rxe5 18. Nd4 Bd7 19. Ra1 Re8 20. Qc2 Qe7 21. Qc3 Rec8 22. e3 Qd8 23. Rxa8 Rxa8 24. Ra1 Rxa1+ 25. Qxa1 Qb6 26. Qa3 c5 27. Nc2 cxb4 28. Nxb4 Bc6 29. Qa8+ Kh7 30. Qf8 Qc7 31. Qc5 Qd7 32. Bf3 Qe6 33. Kg2 g6 34. h4 h5 35. Kf1 Kg8 36. Ke1 Nd7 37. Qd4 Nf6 38. Qf4 Kg7 39. Bd1 Qe7 40. Qd4 Qc7 41. Qc5 Nd7 42. Qc3+ Qe5 43. Qxe5+ Nxe5 44. Bb3 Kf6 45. d4 1-0

[Event "Gruppe A"]
[Round "3.2"]
[White "Bundan,Edward"]
[WhiteElo "2020"]
[WhiteNwz "2024"]
[Black "Weigand,Anton"]
[BlackElo "2204"]
[BlackNwz "2252"]
[Result "0-1"]
[PlyCount "102"]

1. e4 c5 2. Nf3 Nc6 3. d4 cxd4 4. Nxd4 Nf6 5. Nc3 e5 6. N4b5 d6 7. Bg5 a6 8. Na3 b5 9. Nd5 Be7 10. Bxf6 Bxf6 11. c3 Bg5 12. Nc2 Ne7 13. N2e3 O-O 14. Nxe7+ Qxe7 15. Nd5 Qb7 16. h4 Bd8 17. g4 Be6 18. Bg2 Bxd5 19. Qxd5 Qxd5 20. exd5 f5 21. g5 Rc8 22. Kd2 Bb6 23. Ke2 Rc4 24. Rac1 R8c8 25. a3 a5 26. Rh3 b4 27. axb4 axb4 28. h5 Rg4 29. Rg3 Rxg3 30. fxg3 g6 31. hxg6 hxg6 32. c4 Ra8 33. Kd3 Bd4 34. Rb1 b3 35. Bf3 Ra2 36. Bd1 Rxb2 37. Rxb2 Bxb2 38. Bxb3 e4+ 39. Ke2 Bc1 40. Bc2 Bxg5 41. g4 Kf7 42. gxf5 gxf5 43. Ba4 Kf6 44. Bd7 Ke5 45. Bc6 Bd8 46. Bd7 Bb6 47. Be6 f4 48. Bg4 f3+ 49. Ke1 Kf4 50. Bh3 e3 51. Bf1 e2 0-1

[Event "Gruppe A"]
[Round "3.3"]
[White "Stotyn,Fabian"]
[WhiteElo "2172"]
[WhiteNwz "2236"]
[Black "Rosin,Michael"]
[BlackElo "1999"]
[BlackNwz "1920"]
[Result "1-0"]
[PlyCount "55"]

1. e4 e5 2. d4 exd4 3. Qxd4 Nc6 4. Qd3 Nf6 5. Nc3 Bb4 6. Bd2 d6 7. O-O-O Bd7 8. N1e2 Qe7 9. Bg5 Qe5 10. f4 Qa5 11. Bxf6 gxf6 12. a3 Bxc3 13. Nxc3 O-O-O 14. Nd5 Bg4 15. Rd2 f5 16. exf5 Rde8 17. b4 Re1+ 18. Kb2 Nxb4 19. Nxb4 Qb6 20. h3 a5 21. hxg4 axb4 22. a4 R8e8 23. Qd4 Qa5 24. Bb5 R1e4 25. Qd5 R8e7 26. Rxh7 c6 27. Bxc6 Qa7 28. Rh8+ 1-0

[Event "Gruppe A"]
[Round "3.4"]
[White "Holtwessels,Jan"]
[WhiteElo "2000"]
[WhiteNwz "2055"]
[Black "Hart,Martin"]
[BlackElo "2047"]
[BlackNwz "2027"]
[Result "1-0"]
[PlyCount "109"]

1. e4 Nf6 2. e5 Nd5 3. d4 d6 4. Nf3 g6 5. Bc4 Nb6 6. Bb3 Bg7 7. O-O O-O 8. h3 Nc6 9. Qe2 Na5 10. Nc3 Nxb3 11. axb3 Bf5 12. Bf4 d5 13. Rfe1 Qd7 14. b4 a6 15. Nd1 h6 16. Ne3 g5 17. Bg3 Bg6 18. Nd2 f5 19. f4 e6 20. Nb3 Qe7 21. Na5 c6 22. Qd2 h5 23. Qc3 Rf7 24. Nb3 Bh6 25. Rf1 h4 26. Bh2 Bh5 27. fxg5 Bxg5 28. Bf4 Rg7 29. Qc5 Bxf4 30. Rxf4 Qg5 31. Rf2 Qxe3 32. Qxb6 Qxh3 33. Qxb7 Qg3 34. Qxa8+ Kh7 35. Nd2 h3 36. Nf1 Qg5 37. Qxa6 Bf3 38. Qd3 Qxg2+ 39. Rxg2 Rxg2+ 40. Kh1 Rf2+ 41. Qxf3 Rxf3 42. Kg1 Rf4 43. c3 Kg6 44. Kh2 Rf3 45. Kg1 Rd3 46. Ra6 f4 47. Rxc6 Kf5 48. Rc8 Rd1 49. Rh8 Kg4 50. Kf2 Rb1 51. Nh2+ Kf5 52. Kf3 Rxb2 53. Rh5+ Kg6 54. Rxh3 Rc2 55. Kxf4 1-0

[Event "Gruppe A"]
[Round "3.5"]
[White "Reckzügel,Philipp"]
[WhiteElo "1989"]
[WhiteNwz "2032"]
[Black "ter Stal,Sven"]
[BlackElo "1942"]
[BlackNwz "1889"]
[Result "0-1"]
[PlyCount "84"]

1. d4 f5 2. c4 g6 3. Nc3 Nf6 4. g3 Bg7 5. Bg2 d6 6. Nf3 O-O 7. O-O c6 8. Qc2 Qc7 9. b3 e5 10. dxe5 dxe5 11. Ba3 Re8 12. Rad1 Na6 13. Bd6 Qa5 14. a3 e4 15. Nd4 Qd8 16. c5 Nc7 17. b4 N7d5 18. Qb3 Be6 19. Nxe6 Rxe6 20. b5 Qd7 21. bxc6 bxc6 22. Bf4 Qe8 23. Nxd5 Nxd5 24. e3 Bf8 25. Qc4 Kf7 26. f3 Nxf4 27. gxf4 Kg7 28. fxe4 fxe4 29. Bh3 Re7 30. f5 Kh8 31. f6 Re5 32. Rd7 Rh5 33. Be6 Qb8 34. Qa2 Qe5 35. Rf4 Bxc5 36. Qd2 Qxe6 37. Rd8+ Rxd8 38. Qd6 Qg8 39. Qd2 Qd5 40. Qb2 Bxe3+ 41. Kh1 Qd1+ 42. Kg2 Qg1# 0-1

[Event "Gruppe A"]
[Round "3.6"]
[White "Nürenberg,Marius"]
[WhiteElo "1953"]
[WhiteNwz "1917"]
[Black "Meiwes,Thore"]
[BlackElo "2148"]
[BlackNwz "2173"]
[Result "0-1"]
[PlyCount "78"]

1. e4 c6 2. d4 d5 3. e5 Bf5 4. Nc3 e6 5. g4 Bg6 6. N1e2 Ne7 7. h4 h5 8. Nf4 hxg4 9. Nxg6 Nxg6 10. h5 c5 11. Qxg4 cxd4 12. Bb5+ Nc6 13. Qxd4 Qc7 14. f4 Ne7 15. Bd2 O-O-O 16. Qa4 a6 17. Bd3 d4 18. Ne4 Nd5 19. O-O-O N5b4 20. Bxb4 Nxb4 21. Ng5 Bc5 22. Be4 Kb8 23. a3 Nd5 24. Bxd5 Rxd5 25. Rd3 Qe7 26. Nf3 f6 27. Qb3 Qf7 28. f5 fxe5 29. fxe6 Qf4+ 30. Nd2 Rd6 31. Rf3 Qg5 32. Rf7 Rb6 33. Qd5 Rc8 34. R1f1 R6c6 35. R7f5 Qh6 36. Qxe5+ Bd6 37. Qxd4 Rxc2+ 38. Kd1 Qxe6 39. Nb3 Qe2# 0-1

[Event "Gruppe A"]
[Round "3.8"]
[White "Direk,Oguzhan"]
[WhiteElo "2052"]
[WhiteNwz "1999"]
[Black "Kewe,Stefan"]
[BlackElo "1807"]
[BlackNwz "1720"]
[Result "1-0"]
[PlyCount "91"]

1. d4 Nf6 2. Nc3 d6 3. e4 g6 4. f3 Bg7 5. Be3 c6 6. Qd2 h5 7. O-O-O Qa5 8. Bc4 N8d7 9. Kb1 b5 10. Bb3 Nb6 11. e5 Nfd7 12. exd6 exd6 13. Ne4 Qxd2 14. Nxd6+ Ke7 15. Nxc8+ Raxc8 16. Rxd2 Rhe8 17. Nh3 Kf8 18. Re1 Nf6 19. R2e2 Nfd5 20. Bf2 Rxe2 21. Rxe2 a5 22. c3 a4 23. Bxd5 Nxd5 24. Bg3 Kg8 25. Nf4 Nb6 26. Nd3 a3 27. b3 Nd5 28. Kc2 b4 29. Nxb4 Nxb4+ 30. cxb4 Bxd4 31. Re4 c5 32. b5 f5 33. b6 fxe4 34. b7 Re8 35. fxe4 h4 36. b8Q Rxb8 37. Bxb8 Kf7 38. Kd3 Ke6 39. Kc4 g5 40. Ba7 h3 41. gxh3 Kd6 42. b4 Kc6 43. Bxc5 Be5 44. b5+ Kb7 45. Bxa3 Bxh2 46. Bc1 1-0

[Event "Gruppe A"]
[Round "3.9"]
[White "Roebers,Bregje"]
[WhiteElo "1815"]
[Black "Tietje,Daniel"]
[BlackElo "2005"]
[BlackNwz "1961"]
[Result "1/2-1/2"]
[PlyCount "100"]

1. e4 c5 2. Nf3 Nc6 3. Bb5 e5 4. O-O Bd6 5. a4 Nf6 6. Re1 O-O 7. Nc3 Ne7 8. d3 Ng6 9. Bc4 h6 10. Nd2 Bc7 11. Nf1 d6 12. Ne3 Ba5 13. Bd2 Bxc3 14. Bxc3 Nf4 15. g3 Nh3+ 16. Kg2 Ng5 17. h4 Ne6 18. b4 b6 19. b5 Bb7 20. a5 Rc8 21. axb6 axb6 22. Bb2 Qd7 23. f3 Ra8 24. Qd2 Nc7 25. Rxa8 Rxa8 26. Rb1 Ra5 27. Bc3 Ra4 28. Qe2 g6 29. Bd2 Kg7 30. Kh2 Ne6 31. Bxe6 Qxe6 32. Nc4 d5 33. exd5 Nxd5 34. Qxe5+ Qxe5 35. Nxe5 Ra2 36. Rc1 Rb2 37. Nc4 Ra2 38. Kg1 h5 39. Nd6 Ba8 40. Ne4 f6 41. Kf2 Kf7 42. g4 Ke6 43. Kg3 Bb7 44. Bf4 Kd7 45. Bd2 Ke6 46. Re1 Kd7 47. c3 Kc7 48. gxh5 gxh5 49. Bf4+ Kd7 50. Bd2 Ba8 1/2-1/2

[Event "Gruppe A"]
[Round "3.10"]
[White "Mündörfer,Sebastian"]
[WhiteElo "2123"]
[WhiteNwz "2103"]
[Black "Hüls,Arne"]
[BlackElo "1846"]
[BlackNwz "1791"]
[Result "1-0"]
[PlyCount "59"]

1. d4 d5 2. c4 e6 3. cxd5 exd5 4. Qc2 Nf6 5. Nc3 c6 6. Nf3 Be7 7. Bg5 O-O 8. e3 N8d7 9. Bd3 Re8 10. O-O h6 11. Bf4 Nh5 12. Nxd5 Nxf4 13. Nxf4 Nf6 14. Bc4 Nd5 15. Qb3 Bf6 16. Nxd5 cxd5 17. Bxd5 Be6 18. Bxe6 Rxe6 19. Rac1 Rb6 20. Qc2 Qd5 21. b3 Rc6 22. Qd3 R8c8 23. e4 Qa5 24. Rxc6 Rxc6 25. e5 Bd8 26. d5 Rc3 27. Qe4 Bb6 28. e6 f5 29. Qe5 Rc8 30. e7 1-0